Science Quiz

Random Science or Astronomy Quiz

What Planet... Quiz Stats

 Plays Quiz Updated Mar 18, 2020

Support Sporcle.
Go Orange.
Score 0/16 Timer 04:00
1 Play Today
What Planet... Planet % Correct
is the closest to the Sun????
90.8%
has the most rings????
90.1%
has the shortest orbit of the Sun????
86.8%
isn't named after a Greek or Roman God????
79.7%
is the furthest from the Sun????
78.3%
has the coldest surface temperature????
66.8%
has the biggest moon????
66.7%
has the strongest gravity????
65.5%
What Planet... Planet % Correct
has the tallest mountain????
62.5%
has the largest crater????
58.4%
has the hottest surface temperature????
48.7%
is the smallest Gas or Ice Giant by radius????
39.2%
has the lowest density????
27.8%
is derived from a figure from Greek mythology????
26.6%
has the most active volcanoes????
26.2%
has the longest day from sunrise to sunset????
21.6%

You're not logged in!

Compare scores with friends on all Sporcle quizzes.
OR
Log In

From the Vault

First Name Basis: Geography

by petenge

You might have to circumnavigate your brain to discover these answers.
Remove Ads.
Support Sporcle.
Get the best of Sporcle when you Go Orange. This ad-free experience offers more features, more stats, and more fun while also helping to support Sporcle. Thank you for becoming a member.

Show Comments

Extras

Top Quizzes Today


Score Distribution

Your Account Isn't Verified!

In order to create a playlist on Sporcle, you need to verify the email address you used during registration. Go to your Sporcle Settings to finish the process.

Report this User

Report this user for behavior that violates our Community Guidelines.

Details: